Statistiques concernant Personnages historiques dont les noms commencent par A

Cliquez ici pour prendre le quiz!

Statistiques générales

  • Ce quiz a été pris 411 fois
  • Le résultat moyen est 11 sur 20

Statistiques - réponses

DescriptionRéponse% Correct
Premier homme à marcher sur le LuneNeil Armstrong
95%
Le plus célèbre roi des HunsAttila
91%
Roi légendaire maniant ExcaliburArthur
89%
Boxeur dont l'ancien nom était Cassius ClayMohamed Ali
87%
Déesse de la guerre en Grèce AntiqueAthéna
85%
Roi de Macédoine conquérant la PerseAlexandre le Grand
72%
Premier empereur de RomeAuguste
71%
Mathématicien célèbre pour son "Eurêka!"Archimède
69%
Philosophe grec à la base du géocentrismeAristote
66%
Dieu lui demanda de sacrifier son filsAbraham
65%
Mère de Louis XIVAnne d'Autriche
65%
Reine de France et d'Angleterre, mère de Richard IerAliénor d'Aquitaine
43%
Fondateur de la République de TurquieMustafa Kemal Atatürk
37%
Président chilien destitué par PinochetSalvador Allende
36%
Deuxième président des États-UnisJohn Adams
33%
Poète français du dadaïsme auteur de AurélienLouis Aragon
21%
Empereur du Japon de 1989 à 2019Akihito
19%
Dernier Empereur IncaAtahualpa
10%
Premier roi du Portugal en 1139Alphonse Ier
9%
Il lutta pour l'indépendance du MarocAbdelkrim
1%

Distribution des résultats

Percentile par nombre de réponses

% des personnes avec chaque résultat

Votre développement - résultats

Vous n’avez pas pris ce quiz